Complex analysis (Record no. 38155)

MARC details
000 -LEADER
fixed length control field 00662nam a2200169 a 4500
008 - FIXED-LENGTH DATA ELEMENTS--GENERAL INFORMATION
fixed length control field 200804s2019 ||||||||||||||||| || u
020 ## - INTERNATIONAL STANDARD BOOK NUMBER
International Standard Book Number 9781107134829
050 ## - LIBRARY OF CONGRESS CALL NUMBER
Classification number QA 331.7 Mar
100 ## - MAIN ENTRY--PERSONAL NAME
Personal name Marshall, Donald
245 10 - TITLE STATEMENT
Title Complex analysis
Statement of responsibility, etc. By Donald Marshall
260 ## - PUBLICATION, DISTRIBUTION, ETC.
Place of publication, distribution, etc. Cambridge
Name of publisher, distributor, etc. Cambridge University Press
Date of publication, distribution, etc. 2019
300 ## - PHYSICAL DESCRIPTION
Extent xvi, 272 pages : illustrations
490 ## - SERIES STATEMENT
Series statement Cambridge mathematical textbooks
650 ## - SUBJECT ADDED ENTRY--TOPICAL TERM
Topical term or geographic name entry element FUNCTIONS OF COMPLEX VARIABLES
650 ## - SUBJECT ADDED ENTRY--TOPICAL TERM
Topical term or geographic name entry element MATHEMATICAL ANALYSIS
995 ## - RECOMMENDATION 995 [LOCAL, UNIMARC FRANCE]
-- 67.36
-- CBU-MAIN LIBRARY (Kitwe)
-- 1
-- AVAILABLE
-- Aug 5, 2020
-- Main Library Open Access Collection
Holdings
Withdrawn status Lost status Source of classification or shelving scheme Damaged status Not for loan Home library Current library Shelving location Date acquired Total Checkouts Full call number Barcode Date last seen Price effective from Koha item type
          CBU-MAIN LIBRARY, KITWE. CBU-MAIN LIBRARY, KITWE.   11/30/2022   QA 331.7 Mar 750401 11/30/2022 11/30/2022 MONOGRAPH